| 000 | 00816nab a2200217 i 4500 | ||
|---|---|---|---|
| 001 | 768714001 | ||
| 003 | CO-MdFUSB | ||
| 005 | 20240801104311.0 | ||
| 008 | 240801t1991 -us||||| |||| 00| 0 eng d | ||
| 040 |
_bspa _cCO-MdFUSB _dCO-MdFUSB |
||
| 041 | _aeng | ||
| 245 | 1 |
_aCome, holy spirit : _bCanberra Assembly message (excerpt) |
|
| 520 | _aVen, Espíritu Santo (Extracto) Mensaje de la Asamblea de Canberra. | ||
| 546 | _aTexto en inglés. | ||
| 650 | 7 |
_aTeología pastoral y unidad cristiana _97183 |
|
| 650 | 0 |
_aEspíritu Santo _950 |
|
| 650 | 7 |
_aReligiones _9386 |
|
| 773 | 0 |
_049483 _982860 _oR2724 _tInternational Bulletinof Missionary Research _w(CO-MdFUSB)768714001 _x0272-6122 _gVolumen 15, (número 3, 1991), página: 100 _qpágina: 100 |
|
| 942 | _cANA | ||
| 945 | _aCatherine Arias Álvarez - Practicante SENA | ||
| 999 |
_c70679 _d70679 |
||